000 00458nam a22001817a 4500
003 MPLRDC
005 20220104143412.0
008 210129b ||||| |||| 00| 0 eng d
020 _a962-950-330-1
082 _a861.57 DBCY-3
100 _a渡边淳一
245 _a为何不分手
_c
260 _a
_b天地图书有限公司
_c1999
300 _b
490 _a渡边淳一作品. 10
650 _a日本现代小说
942 _cBK
_o861.57 DBCY-3
999 _c39550
_d39540